Panas Dan Sejuk : Jack Challoner

Bibliographic Details
Main Author: Challoner, Jack
Format: Book
Published: Petaling Jaya : Flo Enterprise Sdn.Bhd. , 1996
Series:Sains mula
Subjects:

MARC

LEADER 00000cam a2200000 7i4500
001 0000007218
002 000007763
005 20080121.0
020 |a 9679713075 
090 0 0 |a 500   |b CHA 
100 0 |a Challoner, Jack 
245 1 0 |a Panas Dan Sejuk :   |b Jack Challoner 
260 |a Petaling Jaya :   |b Flo Enterprise Sdn.Bhd. ,   |c 1996 
300 |a 32 p. :   |b ill. ;   |c 25 cm. 
490 0 |a Sains mula 
650 0 0 |a Science   |x Juvenile literature 
999 |a 046827   |b BUKU   |c PINJAMAN   |e PERPUSTAKAAN KOMUNITI CAW KOTA DAMANSARA 
999 |a 053390   |b BUKU   |c PINJAMAN   |e PERPUSTAKAAN KOMUNITI PETALING JAYA 
999 |a 053391   |b BUKU   |c PINJAMAN   |e PERPUSTAKAAN KOMUNITI PETALING JAYA 
999 |a 053392   |b BUKU   |c PINJAMAN   |e PERPUSTAKAAN KOMUNITI PETALING JAYA 
999 |a 054752   |b BUKU   |c JUNIOR BOOKS   |e PERPUSTAKAAN KOMUNITI CAW KOTA DAMANSARA